La Segunda Guerra Mundial : (Record no. 32720)

MARC details
000 -LEADER
campo de control de longitud fija 01430nam a2200361 i 4500
001 - NÚMERO DE CONTROL
campo de control 32720
003 - IDENTIFICADOR DE NÚMERO DE CONTROL
campo de control ES-MaACL
005 - FECHA Y HORA DE LA ÚLTIMA TRANSACCIÓN
campo de control 20260227063021.0
007 - CAMPO FIJO DE DESCRIPCIÓN FÍSICA--INFORMACIÓN GENERAL
campo de control de longitud fija ta
008 - DATOS DE LONGITUD FIJA--INFORMACIÓN GENERAL
campo de control de longitud fija 030131s1970 sp a 001 0 spa d
017 ## - NÚMERO DE COPYRIGHT O DE DEPÓSITO LEGAL
Número de copyright o de depósito legal B 46237-1970
Agencia que asigna Oficina Depósito Legal Madrid
040 ## - FUENTE DE CATALOGACIÓN
Centro catalogador/agencia de origen ES-MaACL
Lengua de catalogación spa
Centro/agencia transcriptor ES-MaACL
Normas de descripción rda
080 ## - NÚMERO DE LA CLASIFICACIÓN DECIMAL UNIVERSAL
Número de la Clasificación Decimal Universal 94(100)"1939/45"
245 03 - MENCIÓN DEL TÍTULO
Título La Segunda Guerra Mundial :
Resto del título por el sonido y la imagen /
Mención de responsabilidad, etc. escrito bajo la dirección de Claude Bertin
250 ## - MENCION DE EDICION
Mención de edición Ed. reservada a los Amigos de la Historia
264 #1 - PRODUCCIÓN, PUBLICACIÓN, DISTRIBUCIÓN, FABRICACIÓN Y COPYRIGHT
Producción, publicación, distribución, fabricación y copyright [Madrid] :
Nombre del de productor, editor, distribuidor, fabricante Círculo de Amigos de la Historia,
Fecha de producción, publicación, distribución, fabricación o copyright [1970]
300 ## - DESCRIPCIÓN FÍSICA
Extensión 2 tomos :
Otras características físicas ilustraciones, mapas, fotos ;
Dimensiones 18 x 19 cm +
Material acompañante/anejo 2 vinilos
336 ## - TIPO DE CONTENIDO
Fuente rdacontent
Materiales especificados impreso
Término de tipo de contenido Texto
336 ## - TIPO DE CONTENIDO
Fuente rdacontent
Materiales especificados impreso
Término de tipo de contenido imagen fija
336 ## - TIPO DE CONTENIDO
Fuente rdacontent
Materiales especificados vinilos
Término de tipo de contenido palabra hablada
337 ## - TIPO DE MEDIO
Fuente rdamedia
Materiales especificados impreso
Nombre/término del tipo de medio sin mediación
337 ## - TIPO DE MEDIO
Fuente rdamedia
Materiales especificados vinilos
Nombre/término del tipo de medio audio
338 ## - TIPO DE SOPORTE
Fuente rdacarrier
Materiales especificados impreso
Nombre/término del tipo de soporte volumen
338 ## - TIPO DE SOPORTE
Fuente rdacarrier
Materiales especificados vinilos
Nombre/término del tipo de soporte disco sonoro
500 ## - NOTA GENERAL
Nota general Palabras clave utilizadas durante la II Guerra Mundial: tomo 2, páginas 255-261
504 ## - NOTA DE BIBLIOGRAFÍA, ETC.
Nota de bibliografía, etc. Bibliografía: tomo 2, página 253 (sin numerar). Índices
650 04 - PUNTO DE ACCESO ADICIONAL DE MATERIA--TÉRMINO DE MATERIA
Término de materia o nombre geográfico como elemento de entrada Guerra mundial, 1939-1945.
9 (RLIN) 13228
700 1# - ENTRADA AGREGADA--NOMBRE PERSONAL
Nombre de persona Bertin, Claude
9 (RLIN) 28464
Relación pbd
Término indicativo de función/relación Director de publicación
852 ## - LOCALIZACIÓN
Ubicación ES-MaACL
Número de control de estantería
Ubicación en estantería Depósito Z
Encuadernación Encuadernación cartoné
itemnumber 33941
942 ## - ELEMENTOS DE ENTRADA SECUNDARIOS (KOHA)
Tipo de ítem Koha Libro impreso
Holdings
Estatus retirado Estado de pérdida Fuente del sistema de clasificación o colocación Estado de daño No para préstamo Biblioteca de origen Biblioteca actual Ubicación en estantería Fecha de adquisición Total de préstamos Signatura topográfica completa Código de barras Visto por última vez Precio de reemplazo Tipo de ítem Koha
    Clasificación decimal universal     Biblioteca del Ateneo de Madrid Biblioteca del Ateneo de Madrid Depósito Z 17/01/2008   Z-307 (1) 1033941 23/02/2023 23/02/2023 Libro impreso
    Clasificación decimal universal     Biblioteca del Ateneo de Madrid Biblioteca del Ateneo de Madrid Depósito Z 17/01/2008   Z-308 (2) 2026-0091 26/02/2026 26/02/2026 Libro impreso